Soft fruit creates quandary (Record no. 118079)
[ view plain ]
| 000 -LEADER | |
|---|---|
| fixed length control field | 01350cam a2200277 4500 |
| 001 - CONTROL NUMBER | |
| control field | ABS68265 |
| 008 - FIXED-LENGTH DATA ELEMENTS--GENERAL INFORMATION | |
| fixed length control field | 040929n2004 000 0 eng u |
| 035 ## - SYSTEM CONTROL NUMBER | |
| System control number | (Sirsi) u127552 |
| 100 ## - MAIN ENTRY--PERSONAL NAME | |
| Personal name | Redman, V. |
| 245 ## - TITLE STATEMENT | |
| Title | Soft fruit creates quandary |
| 260 ## - PUBLICATION, DISTRIBUTION, ETC. | |
| Date of publication, distribution, etc. | 2004 |
| 490 ## - SERIES STATEMENT | |
| Series statement | Planning (for the Natural and Built Environment) |
| Volume/sequential designation | (1585) 3 September 2004, 15(1) |
| 520 ## - SUMMARY, ETC. | |
| Summary, etc. | Considers the conflict between residents and soft fruit growers over the use of polytunnels. Polytunnels have extended the soft fruit growing season. However planning law on polytunnels is unclear with local authorities giving conflicting advice on whether planning permission is required. PPG7 provides little guidance on when a structure will be regarded as temporary use of land rather than an operational development. Increasingly councils are expecting planning permission which will lead to more appeals and eventually to clearer guidance. |
| 590 ## - LOCAL NOTE (RLIN) | |
| Local note | ABS |
| 590 ## - LOCAL NOTE (RLIN) | |
| Local note | ABS |
| 650 ## - SUBJECT ADDED ENTRY--TOPICAL TERM | |
| Topical term or geographic name entry element | POLYTUNNELS |
| 650 ## - SUBJECT ADDED ENTRY--TOPICAL TERM | |
| Topical term or geographic name entry element | TEMPORARY STRUCTURES |
| 650 ## - SUBJECT ADDED ENTRY--TOPICAL TERM | |
| Topical term or geographic name entry element | TEMPORARY USES OF LAND |
| 650 ## - SUBJECT ADDED ENTRY--TOPICAL TERM | |
| Topical term or geographic name entry element | PLANNING PERMISSION |
| 650 ## - SUBJECT ADDED ENTRY--TOPICAL TERM | |
| Topical term or geographic name entry element | PPG7 |
| 650 ## - SUBJECT ADDED ENTRY--TOPICAL TERM | |
| Topical term or geographic name entry element | FRUIT PRODUCTION |
| 650 ## - SUBJECT ADDED ENTRY--TOPICAL TERM | |
| Topical term or geographic name entry element | CARDIFF RATING AUTHORITY V GUEST KEEN BALDWIN IRON AND STEEL CO LTD |
| 650 ## - SUBJECT ADDED ENTRY--TOPICAL TERM | |
| Topical term or geographic name entry element | SKERRITTS OF NOTTINGHAM LTD V SOS ENVIRONMENT |
| 690 ## - LOCAL SUBJECT ADDED ENTRY--TOPICAL TERM (OCLC, RLIN) | |
| Topical term or geographic name as entry element | PLANNING-PLANNING LAW |
| 942 ## - ADDED ENTRY ELEMENTS (KOHA) | |
| Suppress in OPAC | 0 |
| Withdrawn status | Lost status | Source of classification or shelving scheme | Damaged status | Not for loan | Home library | Current library | Shelving location | Date acquired | Total Checkouts | Full call number | Barcode | Date last seen | Copy number | Price effective from | Koha item type |
|---|---|---|---|---|---|---|---|---|---|---|---|---|---|---|---|
| Dewey Decimal Classification | London | London | Journal article | 29/09/2004 | ABS68265 | 127552-1001 | 06/08/2019 | 1 | 06/08/2019 | Journal article |